NBA 2K26 Starting Lineups - Statistics

General Stats
  • This quiz has been taken 319 times
  • The average score is 105 of 180
Answer Stats
% Correct
98 PG Shai Gilgeous-Alexander
92%
95 SF Jaylen Brown
89%
94 PF Jayson Tatum
89%
91 SF LeBron James
87%
97 PG Luka Doncic
87%
87 PG Amen Thompson
86%
87 C Jalen Duren
86%
88 SF Jalen Williams
86%
90 PG James Harden
86%
94 SF Kawhi Leonard
86%
93 SG Kevin Durant
86%
82 C Mark Williams
86%
93 PG Tyrese Haliburton
86%
76 6th Man Ziaire Williams
86%
89 PF Jalen Johnson
85%
86 PG LaMelo Ball
85%
88 PG Trae Young
85%
82 SG Coby White
84%
85 SG Derrick White
84%
87 PF Paolo Banchero
84%
82 SF Ausar Thompson
83%
88 PF Chet Holmgren
83%
78 SG Klay Thompson
83%
79 PF Draymond Green
82%
89 C Joel Embiid
82%
83 PF Josh Hart
82%
80 6th Man Ajay Mitchell
81%
93 PG Devin Booker
81%
95 SG Donovan Mitchell
81%
83 SG Jalen Green
81%
98 C Nikola Jokic
81%
93 PG Tyrese Maxey
81%
92 PF Anthony Davis
80%
88 SG Austin Reaves
80%
79 SF Cam Johnson
80%
78 PG Davion Mitchell
80%
87 PG Ja Morant
80%
80 6th Man Keldon Johnson
80%
88 PF Pascal Siakam
80%
95 PG Steph Curry
80%
78 6th Man Tre Johnson
80%
89 C Alperen Sengun
79%
95 C Victor Wembanyama
79%
96 SG Anthony Edwards
78%
97 PF Giannis Antetokounmpo
78%
93 PG Jalen Brunson
78%
89 PG Jamal Murray
78%
79 PF Keegan Murray
78%
82 SG Kevin Porter Jr
78%
87 SF Michael Porter Jr
78%
88 PF Zion Williamson
78%
83 C Isaiah Hartenstein
77%
91 C Karl-Anthony Towns
77%
81 C Deandre Ayton
76%
81 PG Dejounte Murray
76%
81 SF Paul George
76%
94 PG Cade Cunningham
74%
88 SF Jimmy Butler
74%
86 PG Keyonte George
74%
80 SF Kyshawn George
74%
83 PG Darius Garland
73%
88 PG De'Aaron Fox
73%
85 C Ivica Zubac
73%
90 PG Kyrie Irving
73%
85 SG Mikal Bridges
73%
82 PF Miles Bridges
73%
88 PG Damian Lillard
72%
88 SF Franz Wagner
72%
86 PF Jaren Jackson Jr
72%
84 C Jarrett Allen
72%
85 C Rudy Gobert
72%
85 SF Cooper Flagg
71%
87 PF Evan Mobley
71%
87 PF Bam Adebayo
70%
79 SG Lugentz Dort
70%
83 PG Payton Pritchard
70%
80 SF Grayson Allen
69%
85 C Domantas Sabonis
68%
85 PG Josh Giddey
68%
83 SG Zach LaVine
68%
84 PF Aaron Gordon
66%
87 PF Julius Randle
66%
88 PF Scottie Barnes
66%
82 PG C.J. McCollum
65%
84 SF Demar DeRozan
65%
78 PF Harrison Barnes
65%
86 SG Tyler Herro
65%
82 SG Cam Thomas
64%
84 SG Desmond Bane
64%
83 PF Dillon Brooks
64%
85 SG Stephon Castle
64%
83 PG Jalen Suggs
63%
85 SG Kon Knueppel
63%
87 PF Lauri Markkanen
63%
83 SG Dyson Daniels
62%
81 PF Jabari Smith Jr
62%
83 C Nikola Vucevic
62%
80 PF Rui Hachimura
62%
84 C Kristaps Porzingis
61%
81 C Myles Turner
61%
84 SF Brandon Miller
60%
85 SF OG Anunoby
60%
82 6th Man Andrew Nembhard
58%
86 SF Brandon Ingram
57%
83 6th Man Nickeil Alexander-Walker
57%
82 C Nic Claxton
56%
89 SF Deni Avdija
54%
81 PG Russell Westbrook
53%
79 SG Christian Braun
52%
82 SG VJ Edgecombe
52%
82 SF Jaden McDaniels
51%
79 C Neemias Queta
51%
86 SF Norman Powell
50%
83 C Alex Sarr
49%
80 C Wendell Carter Jr
49%
80 SG Aaron Nesmith
48%
82 6th Man Anthony Black
48%
80 PF Tobias Harris
48%
82 C Zach Edey
48%
79 C Derrick Lively
47%
77 6th Man Derrick Jones Jr
46%
78 C Jay Huff
46%
83 6th Man Naz Reid
46%
79 6th Man Tre Jones
46%
78 SG Brandin Podziemski
45%
79 6th Man Mitchell Robinson
45%
80 PF Kelly Oubre Jr
44%
83 C Walker Kessler
44%
82 SF Devin Vassell
43%
77 PG Egor Demin
43%
80 6th Man Anfernee Simons
42%
82 SG RJ Barrett
42%
78 SF Zaccharie Risacher
42%
77 C Al Horford
41%
81 SF Bennedict Mathurin
41%
84 SG Shaedon Sharpe
41%
81 PG Immanuel Quickley
40%
80 C Jakob Poeltl
40%
78 PF John Collins
40%
84 SF Trey Murphy III
40%
82 C Kel'el Ware
39%
82 PG Ryan Rollins
39%
80 SG Jordan Poole
37%
79 SF Kyle Kuzma
37%
81 SF Tari Eason
37%
78 SG Kris Dunn
36%
79 PG Donte DiVincenzo
35%
81 PF Matas Buzelis
35%
79 SF De'Andre Hunter
32%
82 PF Jerami Grant
32%
77 PF Khris Middleton
32%
81 6th Man Bobby Portis Jr
31%
81 C Derik Queen
31%
79 SG Jaden Ivey
31%
77 6th Man Marcus Smart
31%
80 6th Man P.J. Washington
31%
80 6th Man Colin Sexton
30%
83 C Donovan Clingan
30%
77 6th Man Jonathan Kuminga
30%
79 6th Man Quentin Grimes
26%
79 C Ryan Kalkbrenner
26%
78 SF Ace Bailey
25%
79 6th Man Jusuf Nurkic
23%
82 6th Man Toumani Camara
23%
81 SG Cedric Coward
22%
81 6th Man Jaime Jaquez Jr
22%
80 6th Man Isaiah Stewart
21%
77 PF Noah Clowney
20%
80 6th Man Collin Gillespie
19%
80 SF Santi Aldama
19%
79 SF Ayo Dosunmu
18%
79 SG Bilal Coulibaly
18%
81 6th Man Tim Hardaway Jr
18%
79 6th Man Jaylon Tyson
16%
79 6th Man Cam Spencer
13%
80 6th Man Saddiq Bey
12%
80 6th Man Reed Shepard
11%
76 SG Brice Sensabaugh
9%
79 6th Man Maxime Raynaud
7%
78 6th Man Sandro Mamukelashvili
3%
No matching quizzes found
Score Distribution
Percent of People with Each Score
Percentile by Number Answered
Your Score History
You have not taken this quiz